Estudio de prefactibilidad de la construcción de un sistema de abastecimiento de agua MABE para las comunidades Los Cocos, Verónica Lacayo y El Panal, municipio de Telica, departamento de León

La elaboración del estudio de prefactibilidad del proyecto del sistema de abastecimiento de agua potable para las comunidades Los Cocos, Verónica Lacayo y El Panal del municipio de Telica, departamento de León, es de gran importancia para determinar la viabilidad en cuanto a términos económicos...

Full description

Bibliographic Details
Main Author: Borda Ruiz, Estefany Lucía
Other Authors: Tutor: Molina Lagos, Yader
Format: Tesis Section = Libro
Language:Undetermined
Spanish
Published: Managua UNI 2021
Subjects:
LEADER 01322nam a2200265Ia 4500
008 240830s9999 xx 000 0 und d
040 |a BIBLIOTECA-RUPAP/ Mon 628.72 B727 
041 |a spa 
082 |a Mon 628.72 B727 
100 1 |a Borda Ruiz, Estefany Lucía 
245 1 0 |a Estudio de prefactibilidad de la construcción de un sistema de abastecimiento de agua MABE para las comunidades Los Cocos, Verónica Lacayo y El Panal, municipio de Telica, departamento de León 
260 |a Managua  |b UNI  |c 2021 
300 |a 127 p. :il. 
500 |a Contiene: anexos y CD. 
502 |a Tesis (Ingeniero Civil) - UNI, 2021. 
520 3 |a La elaboración del estudio de prefactibilidad del proyecto del sistema de abastecimiento de agua potable para las comunidades Los Cocos, Verónica Lacayo y El Panal del municipio de Telica, departamento de León, es de gran importancia para determinar la viabilidad en cuanto a términos económicos y el impacto social que tendría éste en la región, lo cual favorece a todos los habitantes de esa zona. 
650 7 |a AGUJA POTABLE 
650 7 |b  AGUA-ABASTECIMIENTO 
650 7 |c  ESTUDIOS DE FACTIBILIDAD 
650 7 |d  CONSUMO DE AGUA 
650 7 |e  DISEÑO HIDRAULICO 
700 1 |a Tutor:  |b Molina Lagos, Yader 
942 |c BK  |2 ddc 
991 |a TESIS 
999 |c 18977